Blair faces split over GM foods (Record no. 67843)

MARC details
000 -LEADER
fixed length control field 00771cam a2200193 4500
001 - CONTROL NUMBER
control field WB3730-36
008 - FIXED-LENGTH DATA ELEMENTS--GENERAL INFORMATION
fixed length control field 010731n2001 000 0 eng u
035 ## - SYSTEM CONTROL NUMBER
System control number (Sirsi) u113868
245 ## - TITLE STATEMENT
Title Blair faces split over GM foods
260 ## - PUBLICATION, DISTRIBUTION, ETC.
Date of publication, distribution, etc. 2001
490 ## - SERIES STATEMENT
Series statement Scotsman
Volume/sequential designation 30 July 2001, 1(1)
520 ## - SUMMARY, ETC.
Summary, etc. Tony Blair may have to delay introducing the commercial growing of GM crops by up to 10 years as the public are still reluctant to accept such 'Frankenstein foods'. Ministers fear that the government could suffer loss of support at the next general electin over the issue of GM crops.
590 ## - LOCAL NOTE (RLIN)
Local note WB
650 ## - SUBJECT ADDED ENTRY--TOPICAL TERM
Topical term or geographic name entry element GENETICALLY MODIFIED CROPS
650 ## - SUBJECT ADDED ENTRY--TOPICAL TERM
Topical term or geographic name entry element Environment
9 (RLIN) 6238
650 ## - SUBJECT ADDED ENTRY--TOPICAL TERM
Topical term or geographic name entry element PUBLIC OPINION
690 ## - LOCAL SUBJECT ADDED ENTRY--TOPICAL TERM (OCLC, RLIN)
Topical term or geographic name as entry element RURAL-AGRICULTURE AND FORESTRY
942 ## - ADDED ENTRY ELEMENTS (KOHA)
Suppress in OPAC 0
Holdings
Withdrawn status Lost status Source of classification or shelving scheme Damaged status Not for loan Home library Current library Shelving location Date acquired Total Checkouts Full call number Barcode Date last seen Copy number Price effective from Koha item type
    Dewey Decimal Classification     London London News article 31/07/2001   WB3730-36 113868-1001 06/08/2019 1 06/08/2019 News article